000 00259nam a22001097a 4500
008 140207t xxu||||| |||| 00| 0 eng d
020 _a1-56639-620-4
100 _aFrank Bonilla
_9674
245 _aBorderless Borders
300 _axiii, 290 p. :
942 _2ddc
_cBK
999 _c16933
_d16933